000
00253nam a22000977a 4500
100
_a
Mathew, T.V.
245
_a
Rubber Board @75. 2. Rubber production department
260
_b
Rubber, 686(July): 2023. 9-12.
650
_a
Rubber board history
942
_c
JS
999
_c
75061
_d
75061